000 00445nam a2200145Ia 4500
003 OSt
005 20260202150341.0
008 211028s2019 xx 000 0 und d
040 _cAIMIT LIBRARY
041 _aeng
100 _aCardoza, Daphne Smitha;Kamath, T Ramesh
_g1716050
_98030
245 _aA study on consumer perception towards durotop construction chemicals pvt ltd /
260 _aMangalore
_bVinay Krishna
_c2019
942 _2ddc
_cPRO
999 _c219598
_d219598